| 000 | 00724cam a22002411 4500 | ||
|---|---|---|---|
| 005 | 20131011051348.0 | ||
| 008 | 730226s1970 au b 000 0 ger | ||
| 020 | _a3211809821 | ||
| 041 | 0 | _ager | |
| 080 | _a164.1 : 510 | ||
| 100 | 1 |
_aKraft, Viktor, _d1880-1975. |
|
| 245 | 1 | 0 | _aMathematik, Logik und Erfahrung / |
| 250 | _a2., neubearb. Aufl. | ||
| 260 |
_aWien : _aNew York : _bSpringer ; _c1970. |
||
| 300 |
_a104 p. _c24 cm. |
||
| 440 | 0 |
_aLibrary of exact philosophy, _v2 |
|
| 500 | _aGeneral preface to the LEP / Mario Bunge f. : [I] | ||
| 500 | _aVorwort f. : [III] | ||
| 504 | _aBibliography: p. [98]-104. | ||
| 650 | 0 |
_aLogjika _xFilozofia |
|
| 650 | 0 | _aLogjika simbolike dhe matematike | |
| 942 |
_2udc _cBK |
||
| 999 |
_c102 _d102 |
||